000 00602nam a22002297a 4500
003 UA-OsUOA
001 95928
007 ta
008 20130312b un ||||| |||| 00| 0 ukr d
100 _aЛауринчюкас А.
090 _a821.111
_bЛ28
942 _cBK
040 _aUA-OsUOA
_brus
_cUA-OsUOA
_dUA-OsUOA
245 _aНевидимые небоскребы
300 _a381 с.
955 _a3
041 _arus
080 _a821.111
260 _aМ.
_bПолитиздат
_c1988
650 7 _a82 Література. Літературознавство
_2UDC
999 _c382174
_d382174